000 00909cab a2200217 4500
001 WB2738-40
008 090401t1991 xxu||||| |||| 00| 0 eng d
035 _a(Sirsi) u1715
041 _aeng
245 _aProperty slump haunts brewers
260 _c1991
350 _a0
490 _aIndependent
_v30 September 1991, 23(1)
520 _aThe protracted slump in the property market is continuing to haunt the major brewers as the industry enters the final 12-month stage for complying with the Government`s beer orders laid down in 1989. The property slowdown could leave the brewers - which have to sell, or free from `tie`, half of their fully licensed outlets in excess of 2,000 - with more `free` leasehold pubs than they want.
650 _aBREWERS
650 _aMONOPOLIES AND MERGERS REPORT
650 _aPUBLIC HOUSES
690 _aLEISURE AND RECREATION
942 _n0
948 _c04/03/1997
999 _c983
_d983